Olympisches Fußballturnier 2016: Deutscher Kader (Silber) - Statistiken

Allgemein
  • Dieses Quiz wurde 85 mal gespielt
  • Das Durchschnittsergebnis liegt bei 8 aus 18
Antwortstatistiken
Position Verein Spieler % Korrekt
Tor Köln Timo Horn
91%
Sturm Freiburg Nils Petersen
80%
Mittelfeld Schalke Max Meyer
69%
Mittelfeld Arsenal Serge Gnabry
69%
Abwehr Leipzig Lukas Klostermann
63%
Mittelfeld Leverkusen Julian Brandt
60%
Mittelfeld Schalke Leon Goretzka
58%
Abwehr Hoffenheim Niklas Süle
57%
Mittelfeld Leverkusen Lars Bender
49%
Mittelfeld Dortmund Sven Bender
49%
Sturm Leipzig Davie Selke
43%
Abwehr Dortmund Matthias Ginter
31%
Abwehr Hoffenheim Jeremy Toljan
20%
Abwehr Augsburg Philipp Max
20%
Abwehr Ingolstadt Robert Bauer
17%
Mittelfeld Karlsruhe Grischa Prömel
15%
Tor Mainz Jannik Huth
11%
Mittelfeld Ingolstadt Max Christiansen
11%
Keine übereinstimmenden Quizze gefunden
Verteilung der Resultate
Anzahl Personen mit jedem Resultat
Perzentil nach korrekt beantworteten Fragen
Ihre Resultats-Entwicklung
Sie haben dieses Quiz noch nicht gespielt